• 首页
  • 本馆介绍
  • 公告通知
  • 最新文献
  • 馆藏检索
  • 电子资源
  • 读者导购
  • 参考咨询
  • 我的图书馆
  • 登录
  • 详细信息显示
  • 放入我的书架
  • 预约/预借图书
  • 作者相关作品
  • 分类相关作品
  • 丛书相关作品
  • 出版社相关作品

书目信息

  • 表格格式
  • 工作单格式
  • 卡片格式
题名:
地质地貌学
    
 
作者: 左建 主编
分册:  
出版信息: 北京   中国水利水电出版社  2001
页数: 257页
开本: 26cm
丛书名:
单 册:
中图分类: P5 , P931
科图分类:
主题词: 地质学--高等学校--教材 , 地貌学--高等学校--教材
电子资源:
ISBN: 7-5084-0509-9
000 00774nam0 2200253 450
001 1551998993
005 20150118142718.62
010    @a7-5084-0509-9@dCNY23.00
100    @a20010813d2001 em y0chiy0110 ea
101 0  @achi
102    @aCN@b110000
105    @ay z 000yy
200 1  @a地质地貌学@9di zhi di mao xue@f左建主编
210    @a北京@c中国水利水电出版社@d2001
215    @a257页@d26cm
300    @a高等学校教材
330    @a本书共分15章,内容有:地球,矿物,岩石,地质构造,风化作用,地面流水的地质作用及其所形成的地貌,我国地貌概述等。
606 0  @a地质学@x高等学校@j教材
606 0  @a地貌学@x高等学校@j教材
690    @aP5@v5
690    @aP931@v5
701  0 @a左建@9zuo jian@f(1933~)@4主编
801  0 @aCN@bTSSF@c20150118
905    @aZUCC@dP5@eJY31
    
    地质地貌学/左建主编.-北京:中国水利水电出版社,2001
    257页;26cm
    高等学校教材
    
    ISBN 7-5084-0509-9:CNY23.00
    本书共分15章,内容有:地球,矿物,岩石,地质构造,风化作用,地面流水的地质作用及其所形成的地貌,我国地貌概述等。
●
相关链接 在E读中查询图书 在五车中查询图书 在当当中查询图书 在豆瓣中查询图书


正题名:地质地貌学     索取号:P5/JY31         预约/预借

序号 登录号 条形码 馆藏地/架位号 状态 备注
1 7848895   278488959   学院路分馆/ [索取号:P5/JY31] 在馆    
2 7848896   278488968   学院路分馆/ [索取号:P5/JY31] 在馆    
唐山师范学院图书馆 欢迎您!
大连网信软件有限公司© 版权所有